AH International Schools' Libraries

Dog Man / (Record no. 38819)

MARC details
000 -LEADER
fixed length control field 00354nam a2200133 4500
020 ## - INTERNATIONAL STANDARD BOOK NUMBER
International Standard Book Number 978-1407140391
100 ## - MAIN ENTRY--PERSONAL NAME
Personal name Pilkey, Dav
9 (RLIN) 56311
245 ## - TITLE STATEMENT
Title Dog Man /
Statement of responsibility, etc Dav PIlkey
260 ## - PUBLICATION, DISTRIBUTION, ETC. (IMPRINT)
Place of publication, distribution, etc UK
Name of publisher, distributor, etc Scholastic
Date of publication, distribution, etc 2017.
300 ## - PHYSICAL DESCRIPTION
Extent 231 p.
Other physical details col. ill.
Dimensions 21 cm.
490 ## - SERIES STATEMENT
Series statement Dog Man : 1
648 ## - SUBJECT ADDED ENTRY--CHRONOLOGICAL TERM
Chronological term Dog Man
Form subdivision Comic Book
General subdivision Juvenile Fiction
9 (RLIN) 67541
942 ## - ADDED ENTRY ELEMENTS (KOHA)
Source of classification or shelving scheme
Koha item type Book
Holdings
Withdrawn status Lost status Source of classification or shelving scheme Damaged status Not for loan Collection code Home library Current library Date acquired Cost, normal purchase price Total Checkouts Total Renewals Full call number Barcode Checked out Date last seen Date checked out Price effective from Koha item type Shelving location
          Siem Reap Asian Hope Primary Library Asian Hope Primary Library 02/14/2019 8.99 71 3 J GRAPHIX PIL 195281 05/05/2026 04/28/2026 04/28/2026 02/14/2019 Book  
            Asian Hope Primary Library Asian Hope Primary Library 10/27/2025   12   J GRAPHIX PIL 208115 05/06/2026 04/29/2026 04/29/2026 10/27/2025 Books/GRAPHICS Junior Fiction

For any Logos Library related questions please contact Miss Art at swongnarasuk@asianhope.org.

For any Asian Hope Library related questions please contact Miss Raza at graza@asianhope.org.

Powered by Koha